000 00686cam a2200193 4500
001 1147
005 20181127162759.0
008 041028s2004 enk b 000 0 eng
010 _a 2004559869
020 _a0141441259 (pbk.)
100 1 _aWollstonecraft, Mary,
_d1759-1797.
245 1 2 _aA vindication of the rights of woman /
_cMary Wollstonecraft ; edited with an introduction and notes by Miriam Brody.
260 _aLondon :
_bPenguin Books,
_c1983.
300 _a319 p. ;
_c20 cm.
440 0 _aPenguin classics
504 _aIncludes bibliographical references.
650 0 _aWomen
_xSocial and moral questions
_vEarly works to 1800.
650 0 _aWomen's rights
_vEarly works to 1800.
999 _c804
_d804